SMALL WORLD UNCOVERING NATURE S HIDDEN N (Record no. 12800)
[ view plain ]
| 000 -LEADER | |
|---|---|
| fixed length control field | 00354nam a2200133Ia 4500 |
| 008 - FIXED-LENGTH DATA ELEMENTS--GENERAL INFORMATION | |
| fixed length control field | 240624s9999 xx 000 0 und d |
| 041 ## - LANGUAGE CODE | |
| Language code of text/sound track or separate title | eng |
| 082 ## - DEWEY DECIMAL CLASSIFICATION NUMBER | |
| Classification number | 530 BUC |
| 100 ## - MAIN ENTRY--PERSONAL NAME | |
| Personal name | BUCHANAN MARK |
| 245 ## - TITLE STATEMENT | |
| Title | SMALL WORLD UNCOVERING NATURE S HIDDEN N |
| 260 ## - PUBLICATION, DISTRIBUTION, ETC. | |
| Date of publication, distribution, etc. | 2008 |
| Place of publication, distribution, etc. | New York |
| Name of publisher, distributor, etc. | Weidenfield & Nicolson |
| 300 ## - PHYSICAL DESCRIPTION | |
| Extent | 235 : p. : cm. ; 24 |
| 365 ## - TRADE PRICE | |
| Currency code | BPS |
| Price amount | 30 |
| Withdrawn status | Lost status | Damaged status | Not for loan | Home library | Current library | Shelving location | Date acquired | Source of acquisition | Cost, normal purchase price | Total Checkouts | Total Renewals | Total Holds | Full call number | Barcode | Date last seen | Date last checked out | Copy number | Price effective from | Koha item type |
|---|---|---|---|---|---|---|---|---|---|---|---|---|---|---|---|---|---|---|---|
| IMTN | IMTN | Rack 19-A | 03/02/2009 | BWE | 18.99 | 1 | 1 | 8024 | 530 BUC | 12800 | 11/27/2024 | 08/23/2024 | 74.8 | 06/24/2024 | Books |